000 00267nam a22001097a 4500
008 150824b xxu||||| |||| 00| 0 eng d
020 _a0801830737
082 _a338.19 TIM
100 _aTIMMER,C.P
245 _aFOOD POLICY ANALYSIS
260 _aLONDON
_bTHE WORLD BANK
_c1983
999 _c542
_d542